Shaping China's future in world affairs (Record no. 1072752)
[ view plain ]
| 000 -LEADER | |
|---|---|
| fixed length control field | 00758nam a2200265Ia 4500 |
| 003 - CONTROL NUMBER IDENTIFIER | |
| control field | OSt |
| 005 - DATE AND TIME OF LATEST TRANSACTION | |
| control field | 20221006141928.0 |
| 008 - FIXED-LENGTH DATA ELEMENTS--GENERAL INFORMATION | |
| fixed length control field | 221006b |||||||| |||| 00| 0 eng d |
| 020 ## - INTERNATIONAL STANDARD BOOK NUMBER | |
| International Standard Book Number | 0813329574 |
| -- | 9.85 |
| 037 ## - SOURCE OF ACQUISITION | |
| Terms of availability | Textual |
| 040 ## - CATALOGING SOURCE | |
| Original cataloging agency | EASL |
| Transcribing agency | EASL |
| Language of cataloging | eng |
| 041 ## - LANGUAGE CODE | |
| Source of code | eng |
| Language code of text/sound track or separate title | eng |
| 100 ## - MAIN ENTRY--PERSONAL NAME | |
| Personal name | SUTTER Robert G |
| 245 #0 - TITLE STATEMENT | |
| Title | Shaping China's future in world affairs |
| Remainder of title | The role of the United States |
| 260 ## - PUBLICATION, DISTRIBUTION, ETC. | |
| Place of publication, distribution, etc. | Oxford |
| Name of publisher, distributor, etc. | Westview Press |
| Date of publication, distribution, etc. | 1996 |
| 300 ## - PHYSICAL DESCRIPTION | |
| Extent | 194p. |
| Dimensions | cm. |
| 490 ## - SERIES STATEMENT | |
| Volume/sequential designation | CEL |
| 700 ## - ADDED ENTRY--PERSONAL NAME | |
| Personal name | CHOI Seong-Eun |
| 9 (RLIN) | 646557 |
| 942 ## - ADDED ENTRY ELEMENTS (KOHA) | |
| Classification part | V41:1973.N95, N6 |
| Koha item type | Textual |
| Source of classification or shelving scheme | Colon Classification (CC) |
| Withdrawn status | Lost status | Source of classification or shelving scheme | Materials specified (bound volume or other part) | Damaged status | Not for loan | Home library | Current library | Date acquired | Serial Enumeration / chronology | Total Checkouts | Full call number | Barcode | Date last seen | Price effective from | Koha item type |
|---|---|---|---|---|---|---|---|---|---|---|---|---|---|---|---|
| Colon Classification (CC) | 9.85 | Department of East Asian Studies Library | Department of East Asian Studies Library | 2022-10-06 | CEL | V41:1973.N95 N6 | EA1012465 | 2022-10-06 | 2022-10-06 | Textual |
